000 005070000a22001930004500
001 003200
003 MACL
005 20150814143625.0
008 150814b xxu||||| |||| 00| 0 eng d
040 _aMACL
_cMACL
041 _aEnglish
082 _a500/GOS
100 _aGoswami, Amit
_95605
245 _aScience and Spirituality
_bA Quantum Integration
_cAmit Goswami
260 _aNew Delhi
_c2000
_bMunshiram Manoharlal Publishers,
350 _a290
650 _aScience
_95606
942 _k500
_cBK
_2ddc
999 _c15106
_d15106